Dios, ateismo y fé / (Record no. 112184)

MARC details
000 -LEADER
campo de control de longitud fija 00536nam a2200193 4500
001 - NÚMERO DE CONTROL
campo de control 112184
003 - IDENTIFICADOR DE NÚMERO DE CONTROL
campo de control ES-MaACL
005 - FECHA Y HORA DE LA ÚLTIMA TRANSACCIÓN
campo de control 20230906185450.0
007 - CAMPO FIJO DE DESCRIPCIÓN FÍSICA--INFORMACIÓN GENERAL
campo de control de longitud fija t|
008 - DATOS DE LONGITUD FIJA--INFORMACIÓN GENERAL
campo de control de longitud fija 061121s1972 sp r ||||1| spa d
100 1# - ENTRADA PRINCIPAL--NOMBRE DE PERSONA
Nombre de persona Muñoz Alonso, Adolfo.
9 (RLIN) 84346
245 10 - MENCIÓN DEL TÍTULO
Título Dios, ateismo y fé /
Mención de responsabilidad, etc. Adolfo Muñoz Alonso.
260 ## - PUBLICACIÓN, DISTRIBUCIÓN, ETC.
Lugar de publicación, distribución, etc. Salamanca :
Nombre del editor, distribuidor, etc. Sígueme,
Fecha de publicación, distribución, etc. 1972.
300 ## - DESCRIPCIÓN FÍSICA
Extensión 205 p. ;
Dimensiones 21 cm.
490 1# - MENCIÓN DE SERIE
Mención de serie Nueva alianza ;
Designación de volumen o secuencia 44
830 0# - PUNTO DE ACCESO ADICIONAL DE SERIE-TÍTULO UNIFORME
Título uniforme Nueva alianza ;
Designación de volumen o secuencia 44
9 (RLIN) 181320
852 ## - LOCALIZACIÓN
Ubicación ES-MaACL
Número de control de estantería C-43142
Sublocalización o colección R.81597
Holdings
Estatus retirado Estado de pérdida Estado de daño No para préstamo Biblioteca de origen Biblioteca actual Ubicación en estantería Fecha de adquisición Fuente de adquisición Total de préstamos Signatura topográfica completa Código de barras Visto por última vez Precio de reemplazo Tipo de ítem Koha
        Biblioteca del Ateneo de Madrid Biblioteca del Ateneo de Madrid Depósito 2 17/01/2008     C-43142 1117025 23/02/2023 23/02/2023 Libro impreso